[Event "FIDE World Youth U16 Chess Olympiad SLOVAKIA 2016"]
[Site "Poprad Tatry SLOVAKIA"]
[Date "2016.07.22"]
[Round "1"]
[Board "4"]
[White "Popvasilev, Kaloyan"]
[Black "Surujhlal, Kayla"]
[Result "1/2-1/2"]
[WhiteElo "1890"]
[BlackElo "1352"]
[PlyCount "119"]
[EventDate "2016.07.22"]
[EventType "team"]
[EventRounds "9"]
[EventCountry "SVK"]
[WhiteTeam "Bulgaria"]
[BlackTeam "South Africa 2"]

1. e4 c5 2. Nf3 d6 3. d4 cxd4 4. Nxd4 Nf6 5. Nc3 g6 6. Be3 Bg7 7. f3 O-O 8. Qd2
Nc6 9. O-O-O Bd7 10. g4 Rc8 11. h4 h5 12. gxh5 Nxh5 13. Rg1 Kh7 14. Be2 Ne5 15.
Rg5 Nc4 16. Bxc4 Rxc4 17. Rdg1 Rc5 18. Nf5 Bxf5 19. Bxc5 dxc5 20. Qxd8 Rxd8 21.
exf5 Bh6 22. fxg6+ fxg6 23. Re1 Bxg5+ 24. hxg5 Rd7 25. Re5 b6 26. Nd5 Kh8 27.
Nxe7 Nf4 28. Re4 Kg7 29. Rxf4 Rxe7 30. Kd2 b5 31. Re4 Rd7+ 32. Ke2 Rc7 33. Re5
Kf7 34. f4 Rc6 35. Ke3 a6 36. Ke4 c4 37. Kd5 Rb6 38. f5 Rb8 39. f6 Rd8+ 40. Ke4
Rd2 41. Re7+ Kf8 42. Rg7 Rxc2 43. Rxg6 Rxb2 44. Rg7 c3 45. g6 Re2+ 46. Kd3 Rf2
47. Rf7+ Kg8 48. Kxc3 Rg2 49. Rg7+ Kf8 50. Kb4 Rf2 51. Rf7+ Kg8 52. Kc5 Rg2 53.
Kb6 Rxg6 54. Rg7+ Rxg7 55. fxg7 Kxg7 56. Kxa6 b4 57. Kb5 Kf7 58. Kxb4 Ke7 59.
Kc5 Kd7 60. Kb6 1/2-1/2

[Event "FIDE World Youth U16 Chess Olympiad SLOVAKIA 2016"]
[Site "Poprad Tatry SLOVAKIA"]
[Date "2016.07.22"]
[Round "1"]
[Board "1"]
[White "Roshka, Yevgeniy"]
[Black "Su, Zijin"]
[Result "1-0"]
[WhiteElo "2271"]
[BlackElo "1628"]
[PlyCount "51"]
[EventDate "2016.07.22"]
[EventType "team"]
[EventRounds "9"]
[EventCountry "SVK"]
[WhiteTeam "Ukraine"]
[BlackTeam "China 2"]

1. e4 c5 2. d3 d6 3. Nd2 Nc6 4. g3 g6 5. Bg2 Bg7 6. Ngf3 e5 7. O-O Nge7 8. a4
O-O 9. c3 h6 10. Rb1 f5 11. b4 cxb4 12. cxb4 Be6 13. b5 Nb8 14. Ba3 g5 15. exf5
Nxf5 16. Nc4 Qd7 17. Re1 Rf7 18. h3 Bf8 19. Nfxe5 dxe5 20. Nxe5 Qd4 21. Nxf7
Bxf7 22. Bxf8 Nd7 23. Ba3 Qb6 24. Qg4 Bg6 25. Bd5+ Kh8 26. Re6 1-0

[Event "FIDE World Youth U16 Chess Olympiad SLOVAKIA 2016"]
[Site "Poprad Tatry SLOVAKIA"]
[Date "2016.07.22"]
[Round "1"]
[Board "2"]
[White "Peng, Shunkai"]
[Black "Yurovskich, Oleksandr"]
[Result "1/2-1/2"]
[WhiteElo "1944"]
[BlackElo "2167"]
[PlyCount "144"]
[EventDate "2016.07.22"]
[EventType "team"]
[EventRounds "9"]
[EventCountry "SVK"]
[WhiteTeam "China 2"]
[BlackTeam "Ukraine"]

1. e4 g6 2. d4 Bg7 3. Nc3 d6 4. Be3 a6 5. Qd2 Nd7 6. f3 b5 7. O-O-O Nb6 8. a3
h6 9. g4 Nf6 10. Qg2 Bb7 11. Nh3 Nfd7 12. Nf4 c5 13. dxc5 dxc5 14. Qd2 e6 15.
Nb1 Qc7 16. Qd6 Qxd6 17. Rxd6 Na4 18. b3 Nc3 19. Nxc3 Bxc3 20. Be2 e5 21. Nd5
Bxd5 22. Rxd5 Bd4 23. Bxd4 cxd4 24. Rd1 Ke7 25. c4 Rhc8 26. f4 bxc4 27. Bxc4
exf4 28. Kd2 f6 29. h4 Ne5 30. g5 hxg5 31. hxg5 Nxc4+ 32. bxc4 Rxc4 33. Kd3
Rc3+ 34. Kxd4 Rac8 35. gxf6+ Ke6 36. Re5+ Kxf6 37. Ra5 R3c6 38. Kd5 Re6 39. Kd4
Rd6+ 40. Rd5 Rxd5+ 41. exd5 Kf5 42. a4 g5 43. a5 g4 44. d6 g3 45. Rd2 f3 46. d7
Rd8 47. Ke3 f2 48. Ke2 Ke6 49. Rd3 Rxd7 50. Rxg3 Rd2+ 51. Kf1 Kf5 52. Rf3+ Ke5
53. Rxf2 Rd1+ 54. Ke2 Rd5 55. Rh2 Kd4 56. Rh4+ Kc3 57. Ra4 Re5+ 58. Kd1 Rh5 59.
Ke2 Rh2+ 60. Ke3 Rh1 61. Ra3+ Kc4 62. Kd2 Kb4 63. Rf3 Kxa5 64. Kc2 Kb4 65. Rb3+
Ka4 66. Rf3 Rh2+ 67. Kb1 Rh4 68. Rg3 Kb4 69. Rf3 a5 70. Rg3 a4 71. Rf3 Rd4 72.
Rg3 Rc4 1/2-1/2

[Event "FIDE World Youth U16 Chess Olympiad SLOVAKIA 2016"]
[Site "Poprad Tatry SLOVAKIA"]
[Date "2016.07.22"]
[Round "1"]
[Board "3"]
[White "Levitskiy, Andrey"]
[Black "Yang, Zicheng"]
[Result "1/2-1/2"]
[WhiteElo "2074"]
[BlackElo "1442"]
[PlyCount "49"]
[EventDate "2016.07.22"]
[EventType "team"]
[EventRounds "9"]
[EventCountry "SVK"]
[WhiteTeam "Ukraine"]
[BlackTeam "China 2"]

1. e4 c5 2. Nf3 d6 3. d4 cxd4 4. Nxd4 Nf6 5. Nc3 g6 6. Be3 Bg7 7. f3 O-O 8. Qd2
Nc6 9. Bc4 Bd7 10. Bb3 Rc8 11. O-O-O Nxd4 12. Bxd4 b5 13. Nd5 Nxd5 14. Bxg7
Kxg7 15. Bxd5 a5 16. Qd4+ Kg8 17. a3 Qc7 18. Rd2 b4 19. axb4 axb4 20. Bb3 Qa5
21. Rdd1 Ba4 22. Qd3 Bxb3 23. Qxb3 Qg5+ 24. Kb1 Qxg2 25. h4 1/2-1/2

[Event "FIDE World Youth U16 Chess Olympiad SLOVAKIA 2016"]
[Site "Poprad Tatry SLOVAKIA"]
[Date "2016.07.22"]
[Round "1"]
[Board "4"]
[White "Liu, Suhui"]
[Black "Krasnokutskaya, Sofiya"]
[Result "0-1"]
[WhiteElo "1594"]
[BlackElo "2138"]
[PlyCount "62"]
[EventDate "2016.07.22"]
[EventType "team"]
[EventRounds "9"]
[EventCountry "SVK"]
[WhiteTeam "China 2"]
[BlackTeam "Ukraine"]

1. e4 e5 2. Nf3 Nc6 3. Bb5 a6 4. Ba4 Nf6 5. O-O Be7 6. Re1 b5 7. Bb3 O-O 8. c3
d6 9. h3 Na5 10. Bc2 c5 11. d4 Nd7 12. Nbd2 exd4 13. cxd4 Nc6 14. Nf1 cxd4 15.
Nxd4 Nxd4 16. Qxd4 Ne5 17. Ne3 Bxh3 18. f4 Nc6 19. Qc3 Bd7 20. Nd5 Rc8 21. Qd3
Nd4 22. Bb1 Bh4 23. g3 Bxg3 24. Qxg3 Rxc1 25. Bd3 Rxa1 26. Rxa1 Bc6 27. Kf2
Bxd5 28. Rg1 Nf5 29. Qh3 Qb6+ 30. Ke2 Qxg1 31. Qxf5 Be6 0-1

[Event "FIDE World Youth U16 Chess Olympiad SLOVAKIA 2016"]
[Site "Poprad Tatry SLOVAKIA"]
[Date "2016.07.22"]
[Round "1"]
[Board "1"]
[White "Holly, Andrej"]
[Black "Bratkovic, Jakob"]
[Result "0-1"]
[WhiteElo "1783"]
[BlackElo "2186"]
[PlyCount "64"]
[EventDate "2016.07.22"]
[EventType "team"]
[EventRounds "9"]
[EventCountry "SVK"]
[WhiteTeam "Slovakia LSS B"]
[BlackTeam "Slovenia"]

1. Nf3 d5 2. g3 c6 3. Bg2 Nf6 4. O-O Bg4 5. d3 Nbd7 6. Nbd2 e5 7. e4 dxe4 8.
Nxe4 Nxe4 9. dxe4 Be7 10. c3 Qc7 11. Qc2 O-O 12. Be3 h6 13. Nd2 Nc5 14. Bf3 Be6
15. Be2 Rad8 16. b4 Nd7 17. Rfd1 Nf6 18. Nb3 b6 19. f3 Nh7 20. a4 f5 21. f4
fxe4 22. Nd2 Nf6 23. Nxe4 Nd5 24. Bf2 exf4 25. a5 Kh8 26. axb6 axb6 27. gxf4
Qxf4 28. Ra7 Ne3 29. Bxe3 Qxe3+ 30. Kh1 Rxd1+ 31. Bxd1 Rf1+ 32. Kg2 Bh3# 0-1

[Event "FIDE World Youth U16 Chess Olympiad SLOVAKIA 2016"]
[Site "Poprad Tatry SLOVAKIA"]
[Date "2016.07.22"]
[Round "1"]
[Board "2"]
[White "Dobrovoljc, Vid"]
[Black "Sromovska, Livia"]
[Result "1-0"]
[WhiteElo "2246"]
[BlackElo "1631"]
[PlyCount "49"]
[EventDate "2016.07.22"]
[EventType "team"]
[EventRounds "9"]
[EventCountry "SVK"]
[WhiteTeam "Slovenia"]
[BlackTeam "Slovakia LSS B"]

1. e4 e5 2. Nf3 Nc6 3. Bb5 d6 4. d4 exd4 5. Nxd4 Bd7 6. Bxc6 Bxc6 7. Nxc6 bxc6
8. Nc3 Nf6 9. Qf3 Nd7 10. Qg3 Qf6 11. b3 Nc5 12. Bb2 Qe5 13. f4 Qe6 14. O-O-O
a5 15. f5 Qe7 16. Rhe1 Nd7 17. Nd5 Qd8 18. e5 cxd5 19. exd6+ Be7 20. Rxe7+ Qxe7
21. dxe7 Rg8 22. Qxc7 f6 23. Qc6 Ra7 24. Qxd5 Rh8 25. Ba3 1-0

[Event "FIDE World Youth U16 Chess Olympiad SLOVAKIA 2016"]
[Site "Poprad Tatry SLOVAKIA"]
[Date "2016.07.22"]
[Round "1"]
[Board "3"]
[White "Taragelova, Martina"]
[Black "Zamar Kodelja, Jurij"]
[Result "0-1"]
[WhiteElo "1626"]
[BlackElo "2103"]
[PlyCount "94"]
[EventDate "2016.07.22"]
[EventType "team"]
[EventRounds "9"]
[EventCountry "SVK"]
[WhiteTeam "Slovakia LSS B"]
[BlackTeam "Slovenia"]

1. e4 c5 2. Nf3 d6 3. Bb5+ Bd7 4. a4 a6 5. Bxd7+ Qxd7 6. O-O Nf6 7. Re1 Nc6 8.
c3 e6 9. d4 cxd4 10. cxd4 d5 11. exd5 Nxd5 12. Nc3 Be7 13. Ne5 Nxc3 14. bxc3
Nxe5 15. Rxe5 Bf6 16. Re1 O-O 17. Qb3 Qc7 18. Rb1 Rfd8 19. Ba3 b6 20. Rec1 Rab8
21. Qc2 Qc6 22. Qb3 h5 23. Re1 h4 24. h3 Rd5 25. Bc1 Ra5 26. Ra1 Rc8 27. Bd2
Rf5 28. Rab1 Bg5 29. Re2 Bxd2 30. Rxd2 b5 31. Ra2 Rg5 32. f3 Qxf3 33. Kh1 Qxc3
34. Qxc3 Rxc3 35. axb5 Rxb5 36. Rxb5 axb5 37. Rb2 Rd3 38. Rxb5 Rxd4 39. Kg1 f5
40. Kf2 Kf7 41. Ke3 Ra4 42. Rb3 g5 43. Kf3 Kf6 44. Ke3 g4 45. Kf2 Ra2+ 46. Kf1
e5 47. Rb6+ Kg5 0-1

[Event "FIDE World Youth U16 Chess Olympiad SLOVAKIA 2016"]
[Site "Poprad Tatry SLOVAKIA"]
[Date "2016.07.22"]
[Round "1"]
[Board "4"]
[White "Amon, Nejc"]
[Black "Datelova, Daniela"]
[Result "1-0"]
[WhiteElo "2104"]
[BlackElo "1272"]
[PlyCount "59"]
[EventDate "2016.07.22"]
[EventType "team"]
[EventRounds "9"]
[EventCountry "SVK"]
[WhiteTeam "Slovenia"]
[BlackTeam "Slovakia LSS B"]

1. e4 d5 2. exd5 Nf6 3. d4 Nxd5 4. c4 Nf6 5. Nc3 Bf5 6. h3 e6 7. Nf3 Nc6 8. Be2
Bb4 9. O-O O-O 10. Be3 Bxc3 11. bxc3 Ne4 12. Rc1 Qf6 13. Re1 Rfd8 14. Bd3 h6
15. Bxe4 Bxe4 16. Bg5 hxg5 17. Rxe4 Qh6 18. Qd2 f5 19. Re2 f4 20. Rce1 Re8 21.
d5 Nd8 22. dxe6 Rxe6 23. Rxe6 Nxe6 24. Qd5 Re8 25. Nd4 Kf7 26. Nxe6 Rxe6 27.
Qd7+ Kf8 28. Rxe6 Qh5 29. Qd8+ Kf7 30. Qe8# 1-0

[Event "FIDE World Youth U16 Chess Olympiad SLOVAKIA 2016"]
[Site "Poprad Tatry SLOVAKIA"]
[Date "2016.07.22"]
[Round "1"]
[Board "1"]
[White "Riess, Alexander"]
[Black "Ieong, Seak Hin"]
[Result "1-0"]
[WhiteElo "2208"]
[BlackElo "1726"]
[PlyCount "89"]
[EventDate "2016.07.22"]
[EventType "team"]
[EventRounds "9"]
[EventCountry "SVK"]
[WhiteTeam "Germany 2"]
[BlackTeam "Macau"]

1. d4 Nf6 2. c4 e5 3. dxe5 Ng4 4. Bf4 Nc6 5. Nf3 Bb4+ 6. Nc3 Qe7 7. Qd5 f6 8.
exf6 Nxf6 9. Qd3 Ne4 10. Nd2 Bxc3 11. bxc3 Nc5 12. Qe3 Ne6 13. Bg3 O-O 14. Nb3
d6 15. Qe4 Qf6 16. Qf3 Qh6 17. Qd3 Ng5 18. f3 Bf5 19. Qd2 Rae8 20. h4 Nf7 21.
Qxh6 Nxh6 22. c5 Nf7 23. O-O-O Nce5 24. e4 Bd7 25. Be2 Ba4 26. cxd6 Nxd6 27.
Rd4 Bb5 28. Rd5 Bxe2 29. Rxe5 Rd8 30. Re7 Rf7 31. Bxd6 Rxd6 32. Re8+ Rf8 33.
Rxf8+ Kxf8 34. Re1 Bb5 35. e5 Ra6 36. Kb2 Bc4 37. Re4 Bf1 38. g4 Rc6 39. f4 Bg2
40. Rd4 Ke7 41. f5 Bh3 42. Rf4 b5 43. g5 Kf7 44. Nd4 Rc4 45. e6+ 1-0

[Event "FIDE World Youth U16 Chess Olympiad SLOVAKIA 2016"]
[Site "Poprad Tatry SLOVAKIA"]
[Date "2016.07.22"]
[Round "1"]
[Board "2"]
[White "Kou, Seong Kei"]
[Black "Kopylov, Daniel"]
[Result "0-1"]
[WhiteElo "1398"]
[BlackElo "2034"]
[PlyCount "106"]
[EventDate "2016.07.22"]
[EventType "team"]
[EventRounds "9"]
[EventCountry "SVK"]
[WhiteTeam "Macau"]
[BlackTeam "Germany 2"]

1. Nf3 d5 2. e3 Nf6 3. b3 e6 4. Bb2 Be7 5. Be2 O-O 6. O-O c5 7. Ne5 Nc6 8. f4
d4 9. Nf3 dxe3 10. dxe3 Qxd1 11. Rxd1 Nb4 12. Na3 Nbd5 13. Rd3 Ng4 14. h3 Ngf6
15. c4 Nb4 16. Rdd1 b6 17. Ne5 Bb7 18. Nd3 Nxd3 19. Rxd3 Be4 20. Rd2 Bc6 21.
Bf3 Ne4 22. Bxe4 Bxe4 23. Rd7 Bh4 24. Nb5 Rad8 25. Rad1 a6 26. Nc3 Bc6 27. R7d6
Rxd6 28. Rxd6 Rc8 29. Na4 Bd8 30. Kh2 h6 31. g4 b5 32. Nc3 Bf6 33. Nd1 Be7 34.
Rd2 b4 35. Nf2 a5 36. a3 a4 37. bxa4 Bxa4 38. Nd3 Rd8 39. Bc1 Bb3 40. axb4 cxb4
41. Nb2 Rc8 42. Rd7 Bf6 43. Rb7 Bc3 44. Nd3 Rxc4 45. Kg3 Bc2 46. Ne5 Rc8 47.
Nxf7 Be4 48. Ra7 Be1+ 49. Kh2 Rxc1 50. g5 Rc2+ 51. Kg1 Bf2+ 52. Kf1 Bd3+ 53.
Kg2 Bxe3+ 0-1

[Event "FIDE World Youth U16 Chess Olympiad SLOVAKIA 2016"]
[Site "Poprad Tatry SLOVAKIA"]
[Date "2016.07.22"]
[Round "1"]
[Board "3"]
[White "Pajeken, Jakob Leon"]
[Black "Ip, Seng Tou"]
[Result "0-1"]
[WhiteElo "2051"]
[BlackElo "1564"]
[PlyCount "78"]
[EventDate "2016.07.22"]
[EventType "team"]
[EventRounds "9"]
[EventCountry "SVK"]
[WhiteTeam "Germany 2"]
[BlackTeam "Macau"]

1. e4 e5 2. Nf3 Nc6 3. Bb5 a6 4. Ba4 Nf6 5. d3 b5 6. Bb3 Be7 7. Nc3 d6 8. a4 b4
9. Nd5 Bg4 10. Nxe7 Qxe7 11. c3 bxc3 12. bxc3 Na5 13. Bc2 c5 14. h3 Bd7 15. O-O
h6 16. Re1 O-O 17. d4 Bc6 18. d5 Bd7 19. g4 Nh7 20. Kh2 g5 21. Rh1 f6 22. Kg2
Rfb8 23. Nd2 Nf8 24. Nf1 Ng6 25. Ne3 Nf4+ 26. Kf3 Rb6 27. c4 Rab8 28. Ra3 Nb7
29. a5 Rb4 30. Bd2 Rb2 31. Bc3 Rxc2 32. Qxc2 h5 33. Qb1 Qh7 34. Rb3 Nxh3 35.
Rxb7 Rxb7 36. Qf1 hxg4+ 37. Nxg4 Bxg4+ 38. Kxg4 Qxe4+ 39. f4 Nf2+ 0-1

[Event "FIDE World Youth U16 Chess Olympiad SLOVAKIA 2016"]
[Site "Poprad Tatry SLOVAKIA"]
[Date "2016.07.22"]
[Round "1"]
[Board "4"]
[White "Ip, Weng Tou"]
[Black "Schulze, Lara"]
[Result "0-1"]
[WhiteElo "1490"]
[BlackElo "2103"]
[PlyCount "94"]
[EventDate "2016.07.22"]
[EventType "team"]
[EventRounds "9"]
[EventCountry "SVK"]
[WhiteTeam "Macau"]
[BlackTeam "Germany 2"]

1. e4 e6 2. d4 d5 3. exd5 exd5 4. Nf3 Bd6 5. Bd3 Ne7 6. O-O Bg4 7. h3 Bh5 8.
Nbd2 Nbc6 9. c3 Bg6 10. Qc2 Qd7 11. Rb1 f6 12. b4 Bxd3 13. Qxd3 g5 14. Nh2 h5
15. Re1 Kf7 16. a3 Rag8 17. g3 Qxh3 18. Ndf3 h4 19. Qf1 Qf5 20. Rb2 hxg3 21.
fxg3 Bxg3 22. Ree2 Bxh2+ 23. Rxh2 Kg6 24. Rbf2 Qe6 25. Rhg2 Rh5 26. Re2 Qd7 27.
Qe1 Rgh8 28. Kf2 Qf5 29. Re3 Rh3 30. Ke2 Qc2+ 31. Bd2 Nf5 32. Re6 Kf7 33. Kf2
Rxf3+ 34. Kxf3 Nh4+ 35. Kf2 Qf5+ 36. Kg3 Nxg2 37. Kxg2 Qxe6 38. Qxe6+ Kxe6 39.
a4 Ne7 40. Be1 f5 41. Bd2 f4 42. Kf3 Kf5 43. Be1 g4+ 44. Kg2 g3 45. Kg1 Kg4 46.
Kg2 f3+ 47. Kf1 Rh1# 0-1

[Event "FIDE World Youth U16 Chess Olympiad SLOVAKIA 2016"]
[Site "Poprad Tatry SLOVAKIA"]
[Date "2016.07.22"]
[Round "1"]
[Board "1"]
[White "Trzaskowska, Hanna"]
[Black "Chen, Richard"]
[Result "0-1"]
[WhiteElo "1318"]
[BlackElo "2259"]
[PlyCount "94"]
[EventDate "2016.07.22"]
[EventType "team"]
[EventRounds "9"]
[EventCountry "SVK"]
[WhiteTeam "Poland 2 - Warmia - Mazury"]
[BlackTeam "Canada"]

1. e4 e6 2. d4 d5 3. Nd2 c5 4. exd5 exd5 5. Bb5+ Bd7 6. Qe2+ Be7 7. dxc5 Nf6 8.
Ngf3 O-O 9. O-O Re8 10. Qd3 Bxc5 11. Nb3 Bb6 12. Bg5 Bxb5 13. Qxb5 Nbd7 14.
Rfe1 Qc7 15. Nbd4 a6 16. Qd3 Ne4 17. Be3 Ndc5 18. Qd1 Rad8 19. Ng5 Nxg5 20.
Bxg5 f6 21. Be3 Qd7 22. c3 Bc7 23. Nf3 Ne6 24. Qc2 Qf7 25. Rad1 Qh5 26. h3 Rd7
27. Re2 Rde7 28. Rde1 Qf7 29. Kf1 Nd8 30. Nd4 g6 31. Qb3 Be5 32. Qd1 f5 33. Nf3
Nc6 34. Bd4 Bxd4 35. cxd4 Re4 36. Rxe4 fxe4 37. Ne5 Nxe5 38. dxe5 Rxe5 39. Qd4
Re8 40. Ke2 Rc8 41. Rd1 Rd8 42. Rc1 Qf4 43. Rc5 Qd6 44. b3 Kf7 45. Ke3 Ke6 46.
Rc2 Rf8 47. Re2 Qf4# 0-1

[Event "FIDE World Youth U16 Chess Olympiad SLOVAKIA 2016"]
[Site "Poprad Tatry SLOVAKIA"]
[Date "2016.07.22"]
[Round "1"]
[Board "2"]
[White "Bellissimo, Joseph F."]
[Black "Hrymowicz, Artur"]
[Result "0-1"]
[WhiteElo "2100"]
[BlackElo "1744"]
[PlyCount "100"]
[EventDate "2016.07.22"]
[EventType "team"]
[EventRounds "9"]
[EventCountry "SVK"]
[WhiteTeam "Canada"]
[BlackTeam "Poland 2 - Warmia - Mazury"]

1. e4 c5 2. Nf3 d6 3. d4 cxd4 4. Qxd4 Nc6 5. Bb5 Bd7 6. Bxc6 bxc6 7. Nc3 e5 8.
Qd3 Nf6 9. Bg5 Be7 10. Rd1 Qc7 11. O-O Be6 12. Nd2 Rd8 13. Qg3 O-O 14. Ne2 Kh8
15. Kh1 h6 16. Bxf6 Bxf6 17. c3 Rb8 18. b3 a5 19. f4 d5 20. f5 Bc8 21. Qg4 Ba6
22. Rfe1 Bxe2 23. Rxe2 Rfd8 24. Rde1 d4 25. c4 a4 26. Rf1 axb3 27. axb3 Qa5 28.
h4 Qc3 29. Rf3 d3 30. Ref2 Ra8 31. Kh2 Ra2 32. Nb1 Qxb3 33. Rxa2 Qxa2 34. Rf1
Qxc4 35. Nd2 Qb4 36. Rf2 c5 37. Qh5 c4 38. g4 c3 39. g5 c2 40. gxf6 c1=Q 41.
fxg7+ Kxg7 42. Rg2+ Kf8 43. Qg4 Ke7 44. f6+ Kd6 45. Qg7 Qc7 46. Nf3 Qxe4 47.
Ra2 Qxf3 48. Ra6+ Kd5 49. Ra5+ Qxa5 50. Qxf7+ Kd4 0-1

[Event "FIDE World Youth U16 Chess Olympiad SLOVAKIA 2016"]
[Site "Poprad Tatry SLOVAKIA"]
[Date "2016.07.22"]
[Round "1"]
[Board "3"]
[White "Daliga, Anita"]
[Black "Song, Ziyuan (sam)"]
[Result "0-1"]
[WhiteElo "1703"]
[BlackElo "2049"]
[PlyCount "90"]
[EventDate "2016.07.22"]
[EventType "team"]
[EventRounds "9"]
[EventCountry "SVK"]
[WhiteTeam "Poland 2 - Warmia - Mazury"]
[BlackTeam "Canada"]

1. e4 c5 2. Nf3 e6 3. d4 cxd4 4. Nxd4 a6 5. Nc3 Qc7 6. Be2 b5 7. a3 Bb7 8. O-O
Nf6 9. f3 Bc5 10. Kh1 O-O 11. Bg5 Be7 12. Qd2 d6 13. Rad1 Nbd7 14. Nb3 Rac8 15.
Bd3 Nc5 16. Nd4 Nxd3 17. Qxd3 Nxe4 18. Nxe4 Bxe4 19. Qxe4 Bxg5 20. f4 Bf6 21.
c3 Rfd8 22. Nf3 Qb6 23. Ng5 Bxg5 24. fxg5 Rc4 25. Qf3 Qc7 26. Rd2 Qe7 27. Qg3
Rc5 28. h4 g6 29. Rfd1 Rc4 30. Qf2 h6 31. gxh6 Rxh4+ 32. Kg1 Rxh6 33. Qg3 d5
34. Rd4 Qd6 35. Qg5 Rh5 36. Qg4 Qe5 37. R4d3 Kg7 38. Rh3 Rxh3 39. Qxh3 Rh8 40.
Qd3 Rh4 41. Qd2 Qh2+ 42. Kf1 Rf4+ 43. Ke1 Qg1+ 44. Ke2 Qxg2+ 45. Kd3 Qe4# 0-1

[Event "FIDE World Youth U16 Chess Olympiad SLOVAKIA 2016"]
[Site "Poprad Tatry SLOVAKIA"]
[Date "2016.07.22"]
[Round "1"]
[Board "4"]
[White "Ouellet, Maili-Jade"]
[Black "Zarebska, Lena"]
[Result "1/2-1/2"]
[WhiteElo "1947"]
[BlackElo "1406"]
[PlyCount "110"]
[EventDate "2016.07.22"]
[EventType "team"]
[EventRounds "9"]
[EventCountry "SVK"]
[WhiteTeam "Canada"]
[BlackTeam "Poland 2 - Warmia - Mazury"]

1. d4 Nf6 2. c4 c5 3. d5 b5 4. cxb5 a6 5. bxa6 Bxa6 6. b3 d6 7. Bb2 Nbd7 8. g3
g6 9. Bg2 Bg7 10. Nh3 O-O 11. O-O Qc7 12. Nf4 Rfb8 13. h4 h5 14. Qc2 c4 15. Nd2
Rc8 16. Rfc1 Qb6 17. e3 cxb3 18. Qxb3 Bb7 19. Bd4 Qxb3 20. Nxb3 Rxc1+ 21. Rxc1
Rxa2 22. Rc7 Ba8 23. Bxf6 Nxf6 24. Rxe7 Rb2 25. Nc1 Rd2 26. Ncd3 Bxd5 27. Nxd5
Rd1+ 28. Bf1 Nxd5 29. Rd7 Bf8 30. Nb2 Rc1 31. Nc4 Nf6 32. Rd8 Ne4 33. Kg2 Kg7
34. Rd7 Ra1 35. Nb2 Nc5 36. Rc7 Ne6 37. Rc8 Nc5 38. Bc4 Ra7 39. Nd1 Ra1 40. Nb2
Ra7 41. Kf3 Be7 42. Nd1 Nd7 43. Bb3 Rb7 44. Bd5 Ne5+ 45. Ke2 Rb5 46. e4 Ng4 47.
Rc7 Kf6 48. f3 Ne5 49. Rc2 Ra5 50. Ne3 Kg7 51. Rc7 Kf8 52. Bb3 Rb5 53. Rc3 Rb7
54. Nd5 Nd7 55. Rc8+ Kg7 1/2-1/2

[Event "FIDE World Youth U16 Chess Olympiad SLOVAKIA 2016"]
[Site "Poprad Tatry SLOVAKIA"]
[Date "2016.07.22"]
[Round "1"]
[Board "1"]
[White "Dedebas, Emre Emin"]
[Black "Wolmarans, Riekie"]
[Result "1-0"]
[WhiteElo "2108"]
[BlackElo "1429"]
[PlyCount "95"]
[EventDate "2016.07.22"]
[EventType "team"]
[EventRounds "9"]
[EventCountry "SVK"]
[WhiteTeam "Turkey"]
[BlackTeam "South Africa 3"]

1. d4 d5 2. c4 e6 3. Nf3 f5 4. g3 Nf6 5. Bg2 Be7 6. O-O Nbd7 7. b3 O-O 8. Ba3
Ne4 9. Qc1 Ndf6 10. Ne5 Nd6 11. Nd2 c6 12. Ndf3 Nd7 13. Nd3 b6 14. Nf4 Nf6 15.
Ng5 Re8 16. Ngxe6 Bxe6 17. Nxe6 Qd7 18. Nf4 Nf7 19. Bxe7 Rxe7 20. e3 g6 21. Qa3
Ree8 22. Rac1 Rec8 23. Qa4 Qb7 24. cxd5 cxd5 25. Qb5 Nd6 26. Bxd5+ Nxd5 27.
Qxd5+ Qxd5 28. Nxd5 Kf7 29. f3 Rxc1 30. Rxc1 Rc8 31. Rxc8 Nxc8 32. e4 fxe4 33.
fxe4 Nd6 34. Nc3 Ke6 35. Kf2 Nb7 36. Ke3 Kf6 37. e5+ Ke6 38. Ke4 h6 39. Nb5 a5
40. d5+ Ke7 41. d6+ Ke6 42. Nd4+ Kd7 43. Kd5 Nd8 44. e6+ Nxe6 45. Nxe6 g5 46.
Nf8+ Kd8 47. Kc6 Kc8 48. Ne6 1-0

[Event "FIDE World Youth U16 Chess Olympiad SLOVAKIA 2016"]
[Site "Poprad Tatry SLOVAKIA"]
[Date "2016.07.22"]
[Round "1"]
[Board "2"]
[White "Kara, Zahra"]
[Black "Can, Isik"]
[Result "0-1"]
[WhiteElo "1335"]
[BlackElo "2103"]
[PlyCount "106"]
[EventDate "2016.07.22"]
[EventType "team"]
[EventRounds "9"]
[EventCountry "SVK"]
[WhiteTeam "South Africa 3"]
[BlackTeam "Turkey"]

1. e4 e5 2. Nf3 Nc6 3. Bc4 Bc5 4. d3 Nf6 5. Bg5 h6 6. Bh4 d6 7. h3 Be6 8. Bb3
Qe7 9. Nbd2 g5 10. Bg3 O-O-O 11. c3 Nh5 12. Bxe6+ Qxe6 13. b4 Nxg3 14. fxg3 Bb6
15. a4 a5 16. b5 Ne7 17. Nc4 d5 18. Nxb6+ Qxb6 19. exd5 Nxd5 20. Qd2 Rhe8 21.
O-O-O e4 22. dxe4 Ne3 23. Qe2 Nxd1 24. Rxd1 Rxd1+ 25. Kxd1 Qe6 26. e5 f6 27.
Nd4 Qxe5 28. Qxe5 Rxe5 29. Kd2 h5 30. Nf3 Re4 31. Nd4 Kd7 32. Kd3 Re1 33. Nf3
Ra1 34. c4 Rxa4 35. Kc3 Ra2 36. Ne1 Re2 37. Nf3 Rxg2 38. Ne1 Rxg3+ 39. Nd3
Rxd3+ 40. Kxd3 g4 41. hxg4 hxg4 42. Ke2 a4 43. Kf2 a3 44. Kg3 f5 45. c5 Ke6 46.
c6 b6 47. Kf4 a2 48. Kg3 a1=Q 49. Kg2 f4 50. Kf2 Qd1 51. Kg2 Qe2+ 52. Kg1 f3
53. Kh1 Qg2# 0-1

[Event "FIDE World Youth U16 Chess Olympiad SLOVAKIA 2016"]
[Site "Poprad Tatry SLOVAKIA"]
[Date "2016.07.22"]
[Round "1"]
[Board "3"]
[White "Akdogan, Alperen"]
[Black "Du Plessis, Anika"]
[Result "1-0"]
[WhiteElo "2050"]
[BlackElo "1248"]
[PlyCount "85"]
[EventDate "2016.07.22"]
[EventType "team"]
[EventRounds "9"]
[EventCountry "SVK"]
[WhiteTeam "Turkey"]
[BlackTeam "South Africa 3"]

1. d4 Nf6 2. Nf3 g6 3. Nbd2 Bg7 4. e4 d6 5. Bd3 Nbd7 6. O-O O-O 7. h3 c5 8. d5
a6 9. a4 Rb8 10. a5 Kh8 11. Nc4 b5 12. axb6 Nxb6 13. Qe2 Nxc4 14. Bxc4 a5 15.
Ra2 Bd7 16. e5 Ng8 17. Bf4 Qc7 18. b3 Ra8 19. Rfa1 Ra7 20. Re1 a4 21. bxa4 Rxa4
22. Rxa4 Bxa4 23. g4 Rb8 24. Ra1 Qd7 25. Ng5 Nh6 26. Ne4 Bb5 27. Bxb5 Rxb5 28.
Ra8+ Ng8 29. exd6 exd6 30. Nxd6 Rb1+ 31. Kg2 h6 32. Qe8 Qxe8 33. Rxe8 Rd1 34.
Nxf7+ Kh7 35. d6 Nf6 36. Rc8 Rd5 37. Rc7 g5 38. Bg3 Ne8 39. Re7 Nf6 40. Be5 Kg6
41. Nd8 c4 42. Kf3 Rd2 43. Ne6 1-0

[Event "FIDE World Youth U16 Chess Olympiad SLOVAKIA 2016"]
[Site "Poprad Tatry SLOVAKIA"]
[Date "2016.07.22"]
[Round "1"]
[Board "4"]
[White "Van Heerden, Lara"]
[Black "Onur, Cigdem"]
[Result "0-1"]
[WhiteElo "1259"]
[BlackElo "1791"]
[PlyCount "104"]
[EventDate "2016.07.22"]
[EventType "team"]
[EventRounds "9"]
[EventCountry "SVK"]
[WhiteTeam "South Africa 3"]
[BlackTeam "Turkey"]

1. e4 c5 2. Nf3 Nc6 3. Bc4 e6 4. Nc3 a6 5. a4 d6 6. d3 Be7 7. O-O Nf6 8. h3 O-O
9. Bg5 h6 10. Bf4 d5 11. exd5 exd5 12. Bb3 Bd6 13. Bd2 Be6 14. Re1 Qd7 15. Ne2
Nh5 16. c4 d4 17. Qc1 Bxh3 18. Bxh6 Bxg2 19. Nh4 Bf3 20. Qg5 Qg4+ 21. Qxg4 Bxg4
22. Bd2 Rfe8 23. f3 Bd7 24. Rab1 Be7 25. Ng2 Ne5 26. f4 Nf3+ 27. Kf2 Nxd2 28.
Bc2 Nxb1 29. Rxb1 Bd6 30. Rh1 Bg4 31. Bd1 Bxe2 32. Bxe2 Nxf4 33. Nxf4 Bxf4 34.
Rh5 b6 35. Bf3 Rab8 36. Bd5 Re5 37. Rh4 g5 38. Rg4 Kg7 39. b3 f5 40. Rg2 Rh8
41. Kg1 g4 42. Bb7 g3 43. Kf1 Rh1+ 44. Rg1 Re1+ 45. Kxe1 Rxg1+ 46. Ke2 Be3 47.
Kf3 f4 48. Be4 Rf1+ 49. Kg2 Rf2+ 50. Kg1 f3 51. a5 Rg2+ 52. Kh1 Rh2# 0-1